Every US 10k+ City in 1950 - Statistics

General Stats
  • This quiz has been taken 25 times
  • The average score is 256 of 1234
Answer Stats
Answer State Population % Correct
Chicago IL 3,620,962
94%
Los Angeles CA 1,970,358
94%
New York City NY 7,891,957
94%
Washington DC 802,178
94%
Washington PA 26,280
94%
Washington IN 10,987
94%
Washington OH 10,560
94%
Baltimore MD 949,708
88%
Cincinnati OH 503,998
88%
Detroit MI 1,849,568
88%
San Diego CA 334,387
88%
San Francisco CA 775,357
88%
Seattle WA 467,591
88%
Austin TX 132,459
81%
Austin MN 23,100
81%
Boston MA 801,444
81%
Cleveland OH 914,808
81%
Cleveland TN 12,605
81%
Columbus OH 375,901
81%
Columbus GA 79,611
81%
Columbus IN 18,370
81%
Columbus MS 17,172
81%
Houston TX 596,163
81%
Orlando FL 52,367
81%
Philadelphia PA 2,071,605
81%
San Jose CA 95,280
81%
Albany NY 134,995
75%
Albany GA 31,155
75%
Albany CA 17,590
75%
Albany OR 10,115
75%
Birmingham AL 326,037
75%
Birmingham MI 15,467
75%
Charlotte NC 134,042
75%
Dallas TX 434,462
75%
El Paso TX 130,485
75%
Grand Rapids MI 176,515
75%
Indiana PA 11,743
75%
Indianapolis IN 427,173
75%
Jackson MS 98,271
75%
Jackson MI 51,088
75%
Jackson TN 30,207
75%
Jacksonville FL 204,517
75%
Jacksonville IL 20,387
75%
Jersey City NJ 299,017
75%
Louisville KY 369,129
75%
Miami FL 249,276
75%
Miami OK 11,801
75%
Milwaukee WI 637,392
75%
New Orleans LA 570,445
75%
Oklahoma City OK 243,504
75%
Omaha NE 251,117
75%
Phoenix AZ 106,818
75%
Pittsburg KS 19,341
75%
Pittsburg CA 12,763
75%
Portland OR 373,628
75%
Portland ME 77,634
75%
Richmond VA 230,310
75%
Richmond CA 99,545
75%
Richmond IN 39,539
75%
Richmond KY 10,268
75%
Sacramento CA 137,572
75%
Salt Lake City UT 182,121
75%
San Antonio TX 408,442
75%
Albuquerque NM 96,815
69%
Buffalo NY 580,132
69%
Columbia SC 86,914
69%
Columbia MO 31,974
69%
Columbia PA 11,993
69%
Columbia TN 10,911
69%
Denver CO 415,786
69%
Des Moines IA 177,965
69%
Fort Wayne IN 133,607
69%
Fort Worth TX 278,778
69%
Fresno CA 91,669
69%
Hartford CT 177,397
69%
Kansas City MO 456,622
69%
Kansas City KS 129,553
69%
Lincoln NE 98,884
69%
Lincoln IL 14,362
69%
Minneapolis MN 521,718
69%
Nashville TN 174,307
69%
Newark NJ 438,776
69%
Newark OH 34,275
69%
Newark NY 10,295
69%
Oakland CA 384,575
69%
Pittsburgh PA 676,806
69%
Providence RI 248,674
69%
Rochester NY 332,488
69%
Rochester MN 29,885
69%
Rochester NH 13,776
69%
Salem OR 43,140
69%
Salem MA 41,880
69%
Salem OH 12,754
69%
Springfield MA 162,399
69%
Springfield IL 81,628
69%
Springfield OH 78,508
69%
Springfield MO 66,731
69%
Springfield OR 10,807
69%
St. Louis MO 856,796
69%
Tampa FL 124,681
69%
Winston-Salem NC 87,811
69%
Worcester MA 203,486
69%
Akron OH 274,605
63%
Arlington VA 135,449
63%
Atlanta GA 331,314
63%
Baton Rouge LA 125,629
63%
Cambridge MA 120,740
63%
Cambridge OH 14,739
63%
Cambridge MD 10,351
63%
Charleston WV 73,501
63%
Charleston SC 70,174
63%
Corpus Christi TX 108,287
63%
Dayton OH 243,872
63%
Erie PA 130,803
63%
Flint MI 163,143
63%
Gary IN 133,911
63%
Little Rock AR 102,213
63%
Long Beach CA 250,767
63%
Long Beach NY 15,586
63%
Memphis TN 396,000
63%
Mobile AL 129,009
63%
Montgomery AL 106,525
63%
New Haven CT 164,443
63%
San Bernardino CA 63,058
63%
Santa Ana CA 45,533
63%
Scranton PA 125,536
63%
Spokane WA 161,721
63%
St. Paul MN 311,349
63%
St. Petersburg FL 96,738
63%
Toledo OH 303,616
63%
Trenton NJ 128,009
63%
Tulsa OK 182,740
63%
Virginia MN 12,486
63%
Wichita KS 168,279
63%
Yonkers NY 152,798
63%
Allentown PA 106,756
56%
Bakersfield CA 34,784
56%
Bridgeport CT 158,709
56%
Camden NJ 124,555
56%
Camden AR 11,372
56%
Duluth MN 104,511
56%
Elizabeth NJ 112,817
56%
Evansville IN 128,636
56%
Fremont OH 16,537
56%
Fremont NE 14,762
56%
Harrisburg PA 89,544
56%
Harrisburg IL 10,999
56%
Key West FL 26,433
56%
Knoxville TN 124,769
56%
Lancaster PA 63,774
56%
Lancaster OH 24,180
56%
Lansing MI 92,129
56%
Lowell MA 97,249
56%
Lynn MA 99,738
56%
Madison WI 96,056
56%
Madison NJ 10,417
56%
Manchester NH 82,732
56%
Norfolk VA 213,513
56%
Norfolk NE 11,335
56%
Quincy MA 83,835
56%
Quincy IL 41,450
56%
Riverside CA 46,764
56%
Savannah GA 119,638
56%
South Bend IN 115,911
56%
Stamford CT 74,293
56%
Syracuse NY 220,583
56%
Tucson AZ 45,454
56%
Wilmington DE 110,356
56%
Wilmington NC 45,043
56%
Youngstown OH 168,330
56%
Anaheim CA 14,556
50%
Augusta GA 71,508
50%
Augusta ME 20,913
50%
Aurora IL 50,576
50%
Aurora CO 11,421
50%
Berkeley CA 113,805
50%
Boise City ID 34,393
50%
Brockton MA 62,860
50%
Canton OH 116,912
50%
Canton IL 11,927
50%
Cedar Rapids IA 72,296
50%
Chattanooga TN 131,041
50%
Cheyenne WY 31,935
50%
Colorado Springs CO 45,472
50%
Dearborn MI 94,994
50%
Fall River MA 111,963
50%
Greensboro NC 74,389
50%
Las Vegas NV 24,624
50%
New Bedford MA 109,189
50%
Paterson NJ 139,336
50%
Peoria IL 111,856
50%
Raleigh NC 65,679
50%
Reading PA 109,320
50%
Rockford IL 92,927
50%
Salina KS 26,176
50%
Shreveport LA 127,206
50%
Sioux City IA 83,991
50%
Tacoma WA 143,673
50%
Tallahassee FL 27,237
50%
Topeka KS 78,791
50%
Troy NY 72,311
50%
Troy OH 10,661
50%
Utica NY 101,531
50%
Warren OH 49,856
50%
Warren PA 14,849
50%
Waterbury CT 104,477
50%
Wilkes-Barre PA 76,826
50%
Alexandria VA 61,787
44%
Alexandria LA 34,913
44%
Amarillo TX 74,246
44%
Asheville NC 53,300
44%
Athens GA 28,180
44%
Athens OH 11,660
44%
Bethlehem PA 66,340
44%
Brownsville TX 36,066
44%
Burbank CA 78,577
44%
Burlington VT 33,155
44%
Burlington IA 30,613
44%
Burlington NC 24,560
44%
Burlington NJ 12,051
44%
Chester PA 66,039
44%
Daytona Beach FL 30,187
44%
Greenville SC 58,161
44%
Greenville MS 29,936
44%
Greenville NC 16,724
44%
Greenville TX 14,727
44%
Huntsville AL 16,437
44%
Jefferson City MO 25,099
44%
Joliet IL 51,601
44%
Kalamazoo MI 57,704
44%
Lawrence MA 80,536
44%
Lawrence KS 23,351
44%
Lexington KY 55,534
44%
Lexington NC 13,571
44%
Lubbock TX 71,747
44%
McAllen TX 20,067
44%
Nashua NH 34,669
44%
New London CT 30,551
44%
Newport RI 37,564
44%
Newport KY 31,044
44%
Norwalk CT 49,460
44%
Pasadena CA 104,577
44%
Pasadena TX 22,483
44%
Roanoke VA 91,921
44%
Rome NY 41,682
44%
Rome GA 29,615
44%
Salinas CA 13,917
44%
Santa Barbara CA 44,913
44%
Santa Clara CA 11,702
44%
Santa Fe NM 27,998
44%
Sioux Falls SD 52,696
44%
Stockton CA 70,853
44%
Annapolis MD 10,047
38%
Beaumont TX 94,014
38%
Bell CA 15,430
38%
Billings MT 31,834
38%
Boulder CO 19,999
38%
Casper WY 23,673
38%
Concord NH 27,988
38%
Concord NC 16,486
38%
Davenport IA 74,549
38%
Dover NH 15,874
38%
Dover NJ 11,174
38%
Dubuque IA 49,671
38%
Durham NC 71,311
38%
Fort Collins CO 14,937
38%
Fort Lauderdale FL 36,328
38%
Frankfort IN 15,028
38%
Frankfort KY 11,916
38%
Galveston TX 66,568
38%
Grand Junction CO 14,504
38%
Helena MT 17,581
38%
Helena AR 11,236
38%
Huntington WV 86,353
38%
Huntington IN 15,079
38%
Laredo TX 51,910
38%
Las Cruces NM 12,325
38%
McKinney TX 10,560
38%
Mesa AZ 16,790
38%
Modesto CA 17,389
38%
New Britain CT 73,726
38%
Newport News VA 42,358
38%
Niagara Falls NY 90,872
38%
Oceanside CA 12,881
38%
Oxnard CA 21,567
38%
Pawtucket RI 81,436
38%
Reno NV 32,497
38%
Santa Maria CA 10,440
38%
Schenectady NY 91,785
38%
Somerville MA 102,351
38%
Somerville NJ 11,571
38%
Waco TX 84,706
38%
Watertown NY 34,350
38%
Watertown SD 12,699
38%
Watertown WI 12,417
38%
York PA 59,953
38%
Ann Arbor MI 48,251
31%
Atlantic City NJ 61,657
31%
Bayonne NJ 77,203
31%
Bellevue PA 11,604
31%
Binghamton NY 80,674
31%
Bismarck ND 18,640
31%
Bowling Green KY 18,347
31%
Bowling Green OH 12,005
31%
Bristol CT 35,961
31%
Bristol TN 16,771
31%
Bristol VA 15,954
31%
Bristol PA 12,710
31%
Champaign IL 39,563
31%
Charlottesville VA 25,969
31%
Chula Vista CA 15,927
31%
Clarksville TN 16,246
31%
Clearwater FL 15,581
31%
Compton CA 47,991
31%
Danbury CT 22,067
31%
Decatur IL 66,269
31%
Decatur GA 21,635
31%
Decatur AL 19,974
31%
East St. Louis IL 82,295
31%
Elgin IL 44,223
31%
Everett MA 45,982
31%
Everett WA 33,849
31%
Fargo ND 38,256
31%
Gainesville FL 26,861
31%
Gainesville GA 11,936
31%
Gainesville TX 11,246
31%
Garland TX 10,571
31%
Glendale CA 95,702
31%
Green Bay WI 52,735
31%
Hoboken NJ 50,676
31%
Hollywood FL 14,351
31%
Iowa City IA 27,212
31%
Ithaca NY 29,257
31%
Joplin MO 38,711
31%
Kingston NY 28,817
31%
Kingston PA 21,096
31%
Lafayette IN 35,568
31%
Lafayette LA 33,541
31%
Lake Charles LA 41,272
31%
Lakewood OH 68,071
31%
Lynchburg VA 47,727
31%
Macon GA 70,252
31%
Meridian MS 41,893
31%
Miami Beach FL 46,282
31%
Midland TX 21,713
31%
Midland MI 14,285
31%
New Rochelle NY 59,725
31%
Newton MA 81,994
31%
Newton IA 11,723
31%
Newton KS 11,590
31%
Odessa TX 29,495
31%
Ontario CA 22,872
31%
Orange NJ 38,037
31%
Orange TX 21,174
31%
Orange CA 10,027
31%
Overland MO 11,566
31%
Plymouth PA 13,021
31%
Portsmouth VA 80,039
31%
Portsmouth OH 36,798
31%
Portsmouth NH 18,830
31%
Pueblo CO 63,685
31%
Saginaw MI 92,918
31%
Santa Monica CA 71,595
31%
Santa Rosa CA 17,902
31%
Sterling IL 12,817
31%
St. Joseph MO 78,588
31%
St. Joseph MI 10,223
31%
Texarkana TX 24,753
31%
Texarkana AR 15,875
31%
Torrance CA 22,241
31%
Tyler TX 38,968
31%
Union City NJ 55,537
31%
Visalia CA 11,749
31%
Warwick RI 43,028
31%
Wheeling WV 58,891
31%
Wichita Falls TX 68,042
31%
Altoona PA 77,177
25%
Ames IA 22,898
25%
Ashland KY 31,131
25%
Ashland OH 14,287
25%
Ashland WI 10,640
25%
Auburn NY 36,722
25%
Auburn ME 23,134
25%
Auburn AL 12,939
25%
Bay City MI 52,523
25%
Berkley MI 17,931
25%
Beverly MA 28,884
25%
Butte MT 33,251
25%
Clovis NM 17,318
25%
Covington KY 64,452
25%
Cuyahoga Falls OH 29,195
25%
Daly City CA 15,191
25%
East Lansing MI 20,325
25%
East Orange NJ 79,340
25%
Eau Claire WI 36,058
25%
Eugene OR 35,879
25%
Fayetteville NC 34,715
25%
Fayetteville AR 17,071
25%
Fort Smith AR 47,942
25%
Frederick MD 18,142
25%
Hamilton OH 57,951
25%
Haverhill MA 47,280
25%
Hayward CA 14,272
25%
Idaho Falls ID 19,218
25%
Independence MO 36,963
25%
Independence KS 11,335
25%
Inglewood CA 46,185
25%
Kenosha WI 54,368
25%
Lewiston ME 40,974
25%
Lewiston ID 12,985
25%
Marietta GA 20,637
25%
Marietta OH 16,006
25%
Medford MA 66,113
25%
Medford OR 17,305
25%
Middletown OH 33,695
25%
Middletown CT 29,711
25%
Middletown NY 22,586
25%
Missoula MT 22,485
25%
Monroe LA 38,572
25%
Monroe MI 21,467
25%
Monroe NC 10,140
25%
Mount Vernon NY 71,899
25%
Mount Vernon IL 15,600
25%
Mount Vernon OH 12,185
25%
Norman OK 27,006
25%
Norwich CT 23,429
25%
Ogden UT 57,112
25%
Olympia WA 15,819
25%
Oshkosh WI 41,084
25%
Paris TX 21,643
25%
Parma OH 28,897
25%
Pensacola FL 43,479
25%
Pomona CA 35,405
25%
Poughkeepsie NY 41,023
25%
Provo UT 28,937
25%
Rapid City SD 25,310
25%
Redding CA 10,256
25%
Roswell NM 25,738
25%
Salisbury NC 20,102
25%
Salisbury MD 15,141
25%
Sandusky OH 29,375
25%
San Mateo CA 41,782
25%
Santa Cruz CA 21,970
25%
Sault Ste. Marie MI 17,912
25%
Spartanburg SC 36,795
25%
Terre Haute IN 64,214
25%
Urbana IL 22,834
25%
Vancouver WA 41,664
25%
Waukesha WI 21,233
25%
West Chester PA 15,168
25%
West Palm Beach FL 43,162
25%
Abilene TX 45,570
19%
Ada OK 15,995
19%
Appleton WI 34,010
19%
Asbury Park NJ 17,094
19%
Battle Creek MI 48,666
19%
Bend OR 11,409
19%
Biloxi MS 37,425
19%
Bloomington IL 34,163
19%
Bloomington IN 28,163
19%
Bozeman MT 11,325
19%
Brunswick GA 17,954
19%
Carlsbad NM 17,975
19%
Chico CA 12,272
19%
Clifton NJ 64,511
19%
Council Bluffs IA 45,429
19%
Cranston RI 55,060
19%
Denton TX 21,372
19%
Des Plaines IL 14,994
19%
Dublin GA 10,232
19%
East Chicago IN 54,263
19%
Easton PA 35,632
19%
Edinburg TX 12,383
19%
Elmira NY 49,716
19%
Elyria OH 30,307
19%
Evanston IL 73,641
19%
Fort Myers FL 13,195
19%
Fredericksburg VA 12,158
19%
Fullerton CA 13,958
19%
Gloucester MA 25,167
19%
Grand Forks ND 26,836
19%
Grand Prairie TX 14,594
19%
Hackensack NJ 29,219
19%
Harrison NJ 13,490
19%
Hempstead NY 29,135
19%
Henderson KY 16,837
19%
Henderson NC 10,996
19%
Hialeah FL 19,676
19%
High Point NC 39,973
19%
Johnson City TN 27,864
19%
Johnson City NY 19,249
19%
Johnstown PA 63,232
19%
Johnstown NY 10,923
19%
Kent OH 12,418
19%
Kingsport TN 19,571
19%
Laramie WY 15,581
19%
Lima OH 50,246
19%
Lodi NJ 15,392
19%
Lodi CA 13,798
19%
Manhattan KS 19,056
19%
Marquette MI 17,202
19%
Merced CA 15,278
19%
Monterey CA 16,205
19%
Morgantown WV 25,525
19%
Mount Pleasant MI 11,393
19%
Muncie IN 58,479
19%
Nampa ID 16,185
19%
Newport Beach CA 12,120
19%
Owensboro KY 33,651
19%
Palo Alto CA 25,475
19%
Panama City FL 25,814
19%
Parkersburg WV 29,684
19%
Passaic NJ 57,702
19%
Plattsburgh NY 17,738
19%
Pocatello ID 26,131
19%
Port Arthur TX 57,530
19%
Princeton NJ 12,230
19%
San Luis Obispo CA 14,180
19%
Saratoga Springs NY 15,473
19%
Selma AL 22,840
19%
Sheboygan WI 42,365
19%
Skokie IL 14,832
19%
State College PA 17,227
19%
St. Charles MO 14,314
19%
Taunton MA 40,109
19%
Tulare CA 12,445
19%
Tuscaloosa AL 46,396
19%
Vallejo CA 26,038
19%
Vicksburg MS 27,948
19%
Victoria TX 16,126
19%
Waltham MA 47,187
19%
Waterloo IA 65,198
19%
Waukegan IL 38,946
19%
White Plains NY 43,466
19%
Woonsocket RI 50,211
19%
Ypsilanti MI 18,302
19%
Zanesville OH 40,517
19%
Alameda CA 64,430
13%
Bangor ME 31,558
13%
Baytown TX 22,983
13%
Bedford IN 12,562
13%
Belleville IL 32,721
13%
Belleville NJ 32,019
13%
Bellingham WA 34,112
13%
Beverly Hills CA 29,032
13%
Brentwood PA 12,535
13%
Bryan TX 18,102
13%
Cadillac MI 10,425
13%
Cedar Falls IA 14,334
13%
Chelsea MA 38,912
13%
Cleveland Heights OH 59,141
13%
Clinton IA 30,379
13%
Coeur d'Alene ID 12,198
13%
Corona CA 10,223
13%
Delaware OH 11,804
13%
Del Rio TX 14,211
13%
Dodge City KS 11,262
13%
East Cleveland OH 40,047
13%
Elkhart IN 35,646
13%
Euclid OH 41,396
13%
Eureka CA 23,058
13%
Fairfield AL 13,177
13%
Findlay OH 23,845
13%
Fitchburg MA 42,691
13%
Fort Lee NJ 11,648
13%
Franklin PA 10,006
13%
Gastonia NC 23,069
13%
Grand Island NE 22,682
13%
Great Falls MT 39,214
13%
Greeley CO 20,354
13%
Gulfport MS 22,659
13%
Hammond IN 87,594
13%
Hattiesburg MS 29,474
13%
Hazleton PA 35,491
13%
Holyoke MA 54,661
13%
Hot Springs AR 29,307
13%
Hudson NY 11,629
13%
Hutchinson KS 33,575
13%
Jamestown NY 43,354
13%
Jamestown ND 10,697
13%
Jonesboro AR 16,310
13%
Kankakee IL 25,856
13%
Kokomo IN 38,672
13%
Lawton OK 34,757
13%
Leavenworth KS 20,579
13%
Lebanon PA 28,156
13%
Leominster MA 24,075
13%
Livonia MI 17,534
13%
Long Branch NJ 23,090
13%
Longview TX 24,502
13%
Longview WA 20,339
13%
Lorain OH 51,202
13%
Madera CA 10,497
13%
Madisonville KY 11,132
13%
Malden MA 59,804
13%
Mamaroneck NY 15,016
13%
Mansfield OH 43,564
13%
Marlborough MA 15,756
13%
Mason City IA 27,980
13%
Meriden CT 44,088
13%
Michigan City IN 28,395
13%
Mission TX 10,765
13%
Moline IL 37,397
13%
Murfreesboro TN 13,052
13%
Muskegon MI 48,429
13%
Muskogee OK 37,289
13%
Napa CA 13,579
13%
Natchez MS 22,740
13%
New Brunswick NJ 38,811
13%
Newburgh NY 31,956
13%
Northampton MA 29,063
13%
North Little Rock AR 44,097
13%
North Platte NE 15,433
13%
Ocala FL 11,741
13%
Oswego NY 22,647
13%
Peabody MA 22,645
13%
Peekskill NY 17,731
13%
Perth Amboy NJ 41,330
13%
Petersburg VA 35,054
13%
Pine Bluff AR 37,162
13%
Pontiac MI 73,681
13%
Port Chester NY 23,970
13%
Racine WI 71,193
13%
Redwood City CA 25,544
13%
Rensselaer NY 10,856
13%
Revere MA 36,763
13%
Rock Hill SC 24,502
13%
Roseville MI 15,816
13%
San Rafael CA 13,848
13%
Sarasota FL 18,896
13%
Scarsdale NY 13,156
13%
Sheridan WY 11,500
13%
South Portland ME 21,866
13%
South San Francisco CA 19,351
13%
St. Augustine FL 13,555
13%
St. Cloud MN 28,410
13%
Suffolk VA 12,339
13%
Sumter SC 20,185
13%
Texas City TX 16,620
13%
Traverse City MI 16,974
13%
Tupelo MS 11,527
13%
Walla Walla WA 24,102
13%
West New York NJ 37,683
13%
West Orange NJ 28,605
13%
Xenia OH 12,877
13%
Yakima WA 38,486
13%
Aberdeen SD 21,051
6%
Aberdeen WA 19,653
6%
Alhambra CA 51,359
6%
Alliance OH 26,161
6%
Amsterdam NY 32,240
6%
Anaconda MT 11,254
6%
Anderson IN 46,820
6%
Anderson SC 19,770
6%
Antioch CA 11,051
6%
Arcadia CA 23,066
6%
Ashtabula OH 23,696
6%
Barberton OH 27,820
6%
Barre VT 10,922
6%
Beacon NY 14,012
6%
Bellaire OH 12,573
6%
Bellaire TX 10,173
6%
Bellefontaine OH 10,232
6%
Berea OH 12,051
6%
Berlin NH 16,615
6%
Bessemer AL 28,445
6%
Bexley OH 12,378
6%
Big Spring TX 17,286
6%
Bloomfield NJ 49,307
6%
Bluefield WV 21,506
6%
Boone IA 12,164
6%
Bradford PA 17,354
6%
Bucyrus OH 10,327
6%
Cairo IL 12,123
6%
Campbell OH 12,882
6%
Cape Girardeau MO 21,578
6%
Carbondale PA 16,296
6%
Carbondale IL 10,921
6%
Carlisle PA 16,812
6%
Chambersburg PA 17,212
6%
Chicopee MA 49,211
6%
Chillicothe OH 20,133
6%
Cicero IL 67,544
6%
Claremont NH 12,811
6%
Clayton MO 16,035
6%
Collinsville IL 11,862
6%
Coshocton OH 11,675
6%
Cumberland MD 37,679
6%
Dalton GA 15,968
6%
Danville IL 37,864
6%
Danville VA 35,066
6%
Defiance OH 11,265
6%
De Kalb IL 11,708
6%
Derby CT 10,259
6%
Dothan AL 21,584
6%
Dunkirk NY 18,007
6%
East Liverpool OH 24,217
6%
El Reno OK 10,991
6%
Emporia KS 15,669
6%
Endicott NY 20,050
6%
Fair Lawn NJ 23,885
6%
Florence AL 23,879
6%
Florence SC 22,513
6%
Fostoria OH 14,351
6%
Freeport NY 24,680
6%
Freeport IL 22,467
6%
Garden City NY 14,486
6%
Garden City KS 10,905
6%
Glen Cove NY 15,130
6%
Goshen IN 13,003
6%
Hagerstown MD 36,260
6%
Hamtramck MI 43,355
6%
Hanford CA 10,028
6%
Hanover PA 14,048
6%
Harlingen TX 23,229
6%
Harrisonburg VA 10,810
6%
Highland Park MI 46,393
6%
Highland Park IL 16,808
6%
Highland Park TX 11,405
6%
Hobbs NM 13,875
6%
Hopewell VA 10,219
6%
Houma LA 11,505
6%
Janesville WI 24,899
6%
Jeffersonville IN 14,685
6%
Junction City KS 13,462
6%
Kearny NJ 39,952
6%
Keene NH 15,638
6%
Kennewick WA 10,106
6%
Lackawanna NY 27,658
6%
Laconia NH 14,745
6%
La Crosse WI 47,535
6%
La Grange GA 25,025
6%
La Grange IL 12,002
6%
Lakeland FL 30,851
6%
Latrobe PA 11,811
6%
Linden NJ 30,644
6%
Lockport NY 25,133
6%
Logan UT 16,832
6%
Marion OH 33,817
6%
Marion IN 30,081
6%
Marion IL 10,459
6%
Marshall TX 22,327
6%
Martins Ferry OH 13,220
6%
Massillon OH 29,594
6%
McKeesport PA 51,502
6%
Mexico MO 11,623
6%
Middlesborough KY 14,482
6%
Minot ND 22,032
6%
Monmouth IL 10,193
6%
Montclair NJ 43,927
6%
Morristown NJ 17,124
6%
Morristown TN 13,019
6%
Moscow ID 10,593
6%
Nacogdoches TX 12,327
6%
New Albany IN 29,346
6%
New Braunfels TX 12,210
6%
North Miami FL 10,734
6%
North Tonawanda NY 24,731
6%
Norwood OH 35,001
6%
Oak Park IL 63,529
6%
Oil City PA 19,581
6%
Oneida NY 11,325
6%
Oneonta NY 13,564
6%
Ossining NY 16,098
6%
Ottawa IL 16,957
6%
Ottawa KS 10,081
6%
Paducah KY 32,828
6%
Palestine TX 12,503
6%
Pasco WA 10,228
6%
Pendleton OR 11,774
6%
Piqua OH 17,447
6%
Pittsfield MA 53,348
6%
Plainfield NJ 42,366
6%
Pleasantville NJ 11,938
6%
Ponca City OK 20,180
6%
Port Huron MI 35,725
6%
Pottstown PA 22,589
6%
Pottsville PA 23,640
6%
Red Bank NJ 12,743
6%
Rock Island IL 48,710
6%
Rutland VT 17,659
6%
Rye NY 11,721
6%
San Angelo TX 52,093
6%
Sayreville NJ 10,338
6%
Scottsbluff NE 12,858
6%
Shaker Heights OH 28,222
6%
Sheffield AL 10,767
6%
Sherman TX 20,150
6%
South Gate CA 51,116
6%
South Orange NJ 15,230
6%
Staunton VA 19,927
6%
St. Clair Shores MI 19,823
6%
Steubenville OH 35,872
6%
Superior WI 35,325
6%
Temple TX 25,467
6%
Tiffin OH 18,952
6%
Tonawanda NY 14,617
6%
Twin Falls ID 17,600
6%
Valdosta GA 20,046
6%
Valley Stream NY 26,854
6%
Valparaiso IN 12,028
6%
Van Wert OH 10,364
6%
Verona NJ 10,921
6%
Waynesboro VA 12,357
6%
Waynesboro PA 10,334
6%
Williamsport PA 45,047
6%
Wilson NC 23,010
6%
Winchester VA 13,841
6%
Woodbury NJ 10,931
6%
Wooster OH 14,005
6%
Adrian MI 18,393
0%
Albemarle NC 11,798
0%
Albert Lea MN 13,545
0%
Albion MI 10,406
0%
Alice TX 16,449
0%
Aliquippa PA 26,132
0%
Allen Park MI 12,329
0%
Alpena MI 13,135
0%
Alton IL 32,550
0%
Ambridge PA 16,429
0%
Americus GA 11,389
0%
Anniston AL 31,066
0%
Ansonia CT 18,706
0%
Ardmore OK 17,890
0%
Arkansas City KS 12,903
0%
Arnold PA 10,263
0%
Astoria OR 12,331
0%
Atchison KS 12,792
0%
Attleboro MA 23,809
0%
Azusa CA 11,042
0%
Bartlesville OK 19,228
0%
Bastrop LA 12,769
0%
Batavia NY 17,799
0%
Bath ME 10,644
0%
Beatrice NE 11,813
0%
Beaver Dam WI 11,867
0%
Beaver Falls PA 17,375
0%
Beckley WV 19,397
0%
Beloit WI 29,590
0%
Bemidji MN 10,001
0%
Benton Harbor MI 18,769
0%
Bergenfield NJ 17,647
0%
Berwick PA 14,010
0%
Berwyn IL 51,280
0%
Bethel PA 11,324
0%
Biddeford ME 20,836
0%
Bloomsburg PA 10,633
0%
Blue Island IL 17,622
0%
Blytheville AR 16,234
0%
Bogalusa LA 17,798
0%
Borger TX 18,059
0%
Bossier City LA 15,470
0%
Braddock PA 16,488
0%
Bradenton FL 13,604
0%
Brainerd MN 12,637
0%
Brawley CA 11,922
0%
Bremerton WA 27,678
0%
Bridgeton NJ 18,378
0%
Brookfield IL 15,472
0%
Brownwood TX 20,181
0%
Burlingame CA 19,886
0%
Butler PA 23,482
0%
Caldwell ID 10,487
0%
Calumet City IL 15,799
0%
Canonsburg PA 12,072
0%
Carnegie PA 12,105
0%
Carteret NJ 13,030
0%
Carthage MO 11,188
0%
Central Falls RI 23,550
0%
Centralia IL 13,863
0%
Chanute KS 10,109
0%
Charles City IA 10,309
0%
Chicago Heights IL 24,551
0%
Chickasha OK 15,842
0%
Chippewa Falls WI 11,088
0%
Clairton PA 19,652
0%
Clarksburg WV 32,014
0%
Clarksdale MS 16,539
0%
Cleburne TX 12,905
0%
Cliffside Park NJ 17,116
0%
Coatesville PA 13,826
0%
Coffeyville KS 17,113
0%
Cohoes NY 21,272
0%
College Park GA 14,535
0%
College Park MD 11,170
0%
Collingswood NJ 15,800
0%
Colton CA 14,465
0%
Conneaut OH 10,230
0%
Connellsville PA 13,293
0%
Connersville IN 15,550
0%
Conshohocken PA 10,922
0%
Coral Gables FL 19,837
0%
Coraopolis PA 10,498
0%
Corning NY 17,684
0%
Coronado CA 12,700
0%
Corsicana TX 19,211
0%
Cortland NY 18,152
0%
Corvallis OR 16,207
0%
Crawfordsville IN 12,851
0%
Crowley LA 12,784
0%
Cudahy WI 12,182
0%
Culver City CA 19,720
0%
Darby PA 13,154
0%
Denison TX 17,504
0%
Dixon IL 11,523
0%
Donora PA 12,186
0%
Dormont PA 13,405
0%
Downers Grove IL 11,886
0%
Du Bois PA 11,497
0%
Dumont NJ 13,013
0%
Duncan OK 15,325
0%
Dunmore PA 20,305
0%
Duquesne PA 17,620
0%
Durant OK 10,541
0%
Dyersburg TN 10,885
0%
East Detroit MI 21,461
0%
East Moline IL 13,913
0%
East Paterson NJ 15,386
0%
East Point GA 21,080
0%
Ecorse MI 17,948
0%
El Centro CA 12,590
0%
El Cerrito CA 18,011
0%
El Dorado AR 23,076
0%
El Dorado KS 11,037
0%
Elizabeth City NC 12,685
0%
Elizabethton TN 10,754
0%
Ellwood City PA 12,945
0%
Elmhurst IL 21,273
0%
Elmwood Park IL 18,801
0%
Elwood IN 11,362
0%
Englewood NJ 23,145
0%
Englewood CO 16,869
0%
Enid OK 36,017
0%
Escanaba MI 15,170
0%
Evergreen Park IL 10,531
0%
Fairmont WV 29,346
0%
Faribault MN 16,028
0%
Farrell PA 13,644
0%
Fergus Falls MN 12,917
0%
Ferguson MO 11,573
0%
Ferndale MI 29,675
0%
Floral Park NY 14,582
0%
Fond du Lac WI 29,936
0%
Forest Park IL 14,969
0%
Fort Dodge IA 25,115
0%
Fort Madison IA 14,954
0%
Fort Pierce FL 13,502
0%
Fort Scott KS 10,335
0%
Fort Thomas KY 10,870
0%
Fulton NY 13,922
0%
Fulton MO 10,052
0%
Gadsden AL 55,725
0%
Galesburg IL 31,425
0%
Gardena CA 14,405
0%
Gardner MA 19,581
0%
Garfield NJ 27,550
0%
Garfield Heights OH 21,662
0%
Geneva NY 17,144
0%
Girard OH 10,113
0%
Glens Falls NY 19,610
0%
Gloucester City NJ 14,357
0%
Gloversville NY 23,634
0%
Goldsboro NC 21,454
0%
Granite City IL 29,465
0%
Great Bend KS 12,665
0%
Greensburg PA 16,923
0%
Greenwood MS 18,061
0%
Greenwood SC 13,806
0%
Gretna LA 13,813
0%
Griffin GA 13,982
0%
Grosse Pointe Park MI 13,075
0%
Grosse Pointe Woods MI 10,381
0%
Guthrie OK 10,113
0%
Haddonfield NJ 10,495
0%
Hannibal MO 20,444
0%
Harvey IL 20,683
0%
Hastings NE 20,211
0%
Hawthorne CA 16,316
0%
Hawthorne NJ 14,816
0%
Hazel Park MI 17,770
0%
Hermosa Beach CA 11,826
0%
Hibbing MN 16,276
0%
Hickory NC 14,755
0%
Hobart IN 10,244
0%
Holland MI 15,858
0%
Homestead PA 10,046
0%
Homewood AL 12,866
0%
Hopkinsville KY 12,526
0%
Hoquiam WA 11,123
0%
Hornell NY 15,049
0%
Huntington Park CA 29,450
0%
Huron SD 12,788
0%
Hyattsville MD 12,308
0%
Inkster MI 16,728
0%
Ironton OH 16,333
0%
Ironwood MI 11,466
0%
Irvington NJ 59,201
0%
Jeannette PA 16,172
0%
Jennings MO 15,282
0%
Kearney NE 12,115
0%
Kenmore NY 20,066
0%
Keokuk IA 16,144
0%
Kewanee IL 16,821
0%
Kingsville TX 16,898
0%
Kinston NC 18,336
0%
Kirksville MO 11,110
0%
Kirkwood MO 18,640
0%
Klamath Falls OR 15,875
0%
Lake Worth FL 11,777
0%
La Mesa CA 10,946
0%
Lamesa TX 10,704
0%
Lansdowne PA 12,169
0%
La Porte IN 17,882
0%
La Salle IL 12,083
0%
Laurel MS 25,038
0%
Lewistown PA 13,894
0%
Lincoln Park MI 29,310
0%
Lock Haven PA 11,381
0%
Logansport IN 21,031
0%
Lufkin TX 15,135
0%
Lynbrook NY 17,314
0%
Lynwood CA 25,823
0%
Macomb IL 10,592
0%
Mahanoy City PA 10,934
0%
Manhattan Beach CA 17,330
0%
Manitowoc WI 27,598
0%
Mankato MN 18,809
0%
Maple Heights OH 15,586
0%
Maplewood MO 13,416
0%
Marinette WI 14,178
0%
Marshalltown IA 19,821
0%
Marshfield WI 12,394
0%
Martinsburg WV 15,621
0%
Martinsville VA 17,251
0%
Massena NY 13,137
0%
Mattoon IL 17,547
0%
Maywood IL 27,473
0%
Maywood CA 13,292
0%
McAlester OK 17,878
0%
McComb MS 10,401
0%
McKees Rocks PA 16,241
0%
Meadville PA 18,972
0%
Melrose MA 26,988
0%
Melrose Park IL 13,366
0%
Menasha WI 12,385
0%
Menlo Park CA 13,587
0%
Menominee MI 11,151
0%
Mercedes TX 10,081
0%
Midwest City OK 10,166
0%
Millville NJ 16,041
0%
Mineola NY 14,831
0%
Mishawaka IN 32,913
0%
Mitchell SD 12,123
0%
Moberly MO 13,115
0%
Monessen PA 17,896
0%
Monrovia CA 20,186
0%
Montebello CA 21,735
0%
Monterey Park CA 20,395
0%
Moorhead MN 14,870
0%
Moultrie GA 11,639
0%
Moundsville WV 14,772
0%
Mount Carmel PA 14,222
0%
Mount Clemens MI 17,027
0%
Mount Rainier MD 10,989
0%
Munhall PA 16,437
0%
Muscatine IA 19,041
0%
Muskegon Heights MI 18,828
0%
Nanticoke PA 20,160
0%
National City CA 21,199
0%
Naugatuck CT 17,455
0%
Neenah WI 12,437
0%
New Bern NC 15,812
0%
Newburyport MA 14,111
0%
New Castle PA 48,834
0%
New Castle IN 18,271
0%
New Iberia LA 16,467
0%
New Kensington PA 25,146
0%
New Philadelphia OH 12,948
0%
Niles OH 16,773
0%
Niles MI 13,145
0%
Norristown PA 38,126
0%
North Adams MA 21,567
0%
North Arlington NJ 15,970
0%
North Braddock PA 14,724
0%
North Plainfield NJ 12,766
0%
Nutley NJ 26,992
0%
Ogdensburg NY 16,166
0%
Okmulgee OK 18,317
0%
Olean NY 22,884
0%
Opelika AL 12,295
0%
Opelousas LA 11,659
0%
Orangeburg SC 15,322
0%
Oskaloosa IA 11,124
0%
Ottumwa IA 33,631
0%
Owatonna MN 10,191
0%
Owosso MI 15,948
0%
Painesville OH 14,432
0%
Pampa TX 16,583
0%
Park Ridge IL 16,602
0%
Parsons KS 14,750
0%
Pascagoula MS 10,805
0%
Pekin IL 21,858
0%
Peru IN 13,308
0%
Petaluma CA 10,315
0%
Phenix City AL 23,305
0%
Phillipsburg NJ 18,919
0%
Phoenixville PA 12,932
0%
Piedmont CA 10,132
0%
Pittston PA 15,012
0%
Plainview TX 14,044
0%
Poplar Bluff MO 15,064
0%
Port Angeles WA 11,233
0%
Prichard AL 19,014
0%
Pullman WA 12,022
0%
Puyallup WA 10,010
0%
Rahway NJ 21,290
0%
Redlands CA 18,429
0%
Redondo Beach CA 25,226
0%
Red Wing MN 10,645
0%
Reidsville NC 11,708
0%
Renton WA 16,039
0%
Richfield MN 17,502
0%
Richmond Heights MO 15,045
0%
Ridgefield Park NJ 11,993
0%
Ridgewood NJ 17,481
0%
River Forest IL 10,823
0%
River Rouge MI 20,549
0%
Robbinsdale MN 11,289
0%
Rock Springs WY 10,857
0%
Rockville Centre NY 22,362
0%
Rocky Mount NC 27,697
0%
Rocky River OH 11,237
0%
Roselle NJ 17,681
0%
Roselle Park NJ 11,537
0%
Royal Oak MI 46,898
0%
Ruston LA 10,372
0%
Rutherford NJ 17,411
0%
Saco ME 10,324
0%
San Benito TX 13,271
0%
San Bruno CA 12,478
0%
San Buenaventura CA 16,534
0%
San Carlos CA 14,371
0%
San Fernando CA 12,992
0%
Sanford FL 11,935
0%
Sanford NC 10,013
0%
San Gabriel CA 20,343
0%
San Leandro CA 27,542
0%
San Marino CA 11,230
0%
San Pablo CA 14,476
0%
Santa Paula CA 11,049
0%
Sapulpa OK 13,031
0%
Sedalia MO 20,354
0%
Seminole OK 11,863
0%
Shamokin PA 16,879
0%
Sharon PA 26,454
0%
Shawnee OK 22,948
0%
Shelby NC 15,508
0%
Shelbyville IN 11,734
0%
Shelton CT 12,694
0%
Shenandoah PA 15,704
0%
Shorewood WI 16,199
0%
Sidney OH 11,491
0%
Sikeston MO 11,640
0%
Snyder TX 12,010
0%
South Charleston WV 16,686
0%
South Euclid OH 15,432
0%
South Milwaukee WI 12,855
0%
South Norfolk VA 10,434
0%
South Pasadena CA 16,935
0%
South River NJ 11,308
0%
South St. Paul MN 15,909
0%
Statesville NC 16,901
0%
Steelton PA 12,574
0%
Stevens Point WI 16,564
0%
Stillwater OK 20,238
0%
St. Louis Park MN 22,644
0%
Streator IL 16,469
0%
Struthers OH 11,941
0%
Summit NJ 17,929
0%
Sunbury PA 15,570
0%
Sweetwater TX 13,619
0%
Swissvale PA 16,488
0%
Takoma Park MD 13,341
0%
Talladega AL 13,134
0%
Tamaqua PA 11,508
0%
Terrell TX 11,544
0%
Thomasville GA 14,424
0%
Thomasville NC 11,154
0%
Torrington CT 27,820
0%
Trinidad CO 12,204
0%
Turtle Creek PA 12,363
0%
Two Rivers WI 10,243
0%
Uniontown PA 20,471
0%
University City MO 39,892
0%
University Heights OH 11,566
0%
University Park TX 24,275
0%
Vernon TX 12,651
0%
Vincennes IN 18,831
0%
Wabash IN 10,621
0%
Wallingford CT 11,994
0%
Waterville ME 18,287
0%
Watervliet NY 15,197
0%
Watsonville CA 11,572
0%
Wausau WI 30,414
0%
Wauwatosa WI 33,324
0%
Waxahachie TX 11,204
0%
Waycross GA 18,899
0%
Webster Groves MO 23,390
0%
Weirton WV 24,005
0%
Wenatchee WA 13,072
0%
West Allis WI 42,959
0%
Westbrook ME 12,284
0%
Westfield NJ 21,243
0%
Westfield MA 20,962
0%
West Frankfort IL 11,384
0%
West Lafayette IN 11,873
0%
West Mifflin PA 17,985
0%
West Monroe LA 10,302
0%
West University Place TX 17,074
0%
Wheaton IL 11,638
0%
Whitefish Bay WI 14,665
0%
White Settlement TX 10,827
0%
Whittier CA 23,820
0%
Wilkinsburg PA 31,418
0%
Willimantic CT 13,586
0%
Wilmette IL 18,162
0%
Winfield KS 10,264
0%
Winnetka IL 12,105
0%
Winona MN 25,031
0%
Wisconsin Rapids WI 13,496
0%
Woburn MA 20,492
0%
Wood River IL 10,190
0%
Wyandotte MI 36,846
0%
Yeadon PA 11,068
0%
No matching quizzes found
Score Distribution
Percent of People with Each Score
Percentile by Number Answered
Your Score History
You have not taken this quiz